Images économiques du monde 2018 : France la grande fracture (notice n° 1706003)
[ vue normale ]
| 000 -LEADER | |
|---|---|
| fixed length control field | 01728cam a2200205 4500500 |
| 005 - DATE AND TIME OF LATEST TRANSACTION | |
| control field | 20260322000423.0 |
| 041 ## - LANGUAGE CODE | |
| Language code of text/sound track or separate title | fre |
| 042 ## - AUTHENTICATION CODE | |
| Authentication code | dc |
| 100 10 - MAIN ENTRY--PERSONAL NAME | |
| Personal name | Bost, François |
| Relator term | author |
| 245 00 - TITLE STATEMENT | |
| Title | Images économiques du monde 2018 : France la grande fracture |
| 260 ## - PUBLICATION, DISTRIBUTION, ETC. | |
| Name of publisher, distributor, etc. | Armand Colin,<br/> |
| Date of publication, distribution, etc. | 2017.<br/> |
| 520 ## - SUMMARY, ETC. | |
| Summary, etc. | DOSSIER - France : la grande fracture par Laurent CARROUÉ Dossier spécial : Élection présidentielle 2017 : les deux France par Céline COLANGE et Jérôme FOURQUET POPULATION ET SOCIÉTÉ coordonné par Anne-Lise HUMAIN-LAMOURE ENTREPRISES ET ÉCHANGES coordonné par François BOST et Laurent CARROUÉ AMÉRIQUES coordonné par Christian PIHET EUROPE coordonné par Laurent CARROUÉ EURASIE coordonné par David TEURTRIE MAGHREB/MOYEN-ORIENT coordonné par Olivier SANMARTIN AFRIQUE SUBSAHARIENNE coordonné par François BOST ASIE-PACIFIQUE coordonné par Sébastien COLIN 7 zooms thématiques : Démographie – Inégalités – Villes – Mobilités – Éducation – Santé – Environnement L’actualité géoéconomique en 6 secteurs : Entreprises – Industries – Échanges Finances – Agriculture – Ressources Le monde en 117 fiches pays et 24 tableaux statistiques synthétiques 3 métropoles décryptées : Bogotá – Djeddah – Bangalore 66 auteurs géographes, historiens, économistes, politologues, journalistes |
| 700 10 - ADDED ENTRY--PERSONAL NAME | |
| Personal name | Carroué, Laurent |
| Relator term | author |
| 700 10 - ADDED ENTRY--PERSONAL NAME | |
| Personal name | Colin, Sébastien |
| Relator term | author |
| 700 10 - ADDED ENTRY--PERSONAL NAME | |
| Personal name | Humain-Lamoure |
| Relator term | author |
| 700 10 - ADDED ENTRY--PERSONAL NAME | |
| Personal name | Pihet, Christian |
| Relator term | author |
| 700 10 - ADDED ENTRY--PERSONAL NAME | |
| Personal name | Sanmartin, Olivier |
| Relator term | author |
| 700 10 - ADDED ENTRY--PERSONAL NAME | |
| Personal name | Teurtrie, David |
| Relator term | author |
| 856 41 - ELECTRONIC LOCATION AND ACCESS | |
| Uniform Resource Identifier | <a href="https://shs.cairn.info/images-economiques-du-monde-2018--9782200620035?lang=fr&redirect-ssocas=7080">https://shs.cairn.info/images-economiques-du-monde-2018--9782200620035?lang=fr&redirect-ssocas=7080</a> |
Pas d'exemplaire disponible.




Réseaux sociaux